000
00245nmm a2200097Ia 4500
008
220120s9999||||xx |||||||||||||||||und||
082
_a
621.395 MAR
100
_a
Marcovitz, Alan B
_9
3306
245
0
_a
Introuduction to logic design
260
_c
2002
999
_c
139053
_d
139053